000 00525nam a2200193Ia 4500
005 20250508152254.0
008 008 250505s9999 xx 000 0 eng d
037 _aTextual
040 _aFEDL
_beng
_cFEDL
041 _aeng
_2eng
084 _a100, SIN
_qFEDL
100 _aSinha Jadhunath
_9761120
245 0 _aIntroduction to philosophy
260 _aCalcutta, India
_bSinha Publishing House
_c1955
300 _a347p.
650 _aPhilosophy
942 _cTEXL
_h100, SIN
999 _c1335430
_d1335430